| 000 | 00527cam a22001577a 4500 | ||
|---|---|---|---|
| 008 | 180718b1999 xxu||||| |||| 00| 0 eng d | ||
| 082 | _aA81x54 91/32/PT4A/C | ||
| 100 | _aCensus of India 1991 | ||
| 245 | _aLakshadweep: socio-cultural tables | ||
| 260 |
_aDelhi _bThe Controller of Publications _c1999 |
||
| 300 | _a56+p. | ||
| 440 | _aCensus of India 1991. Series 32, Lakshadweep. Part IVA-C Series | ||
| 500 | _aTables C-1, C-2, C-2(A), C-3(A), C-3(B), C-4, C-5, C-6 | ||
| 650 | _aCulture | ||
| 650 | _aLakshadweep - Census | ||
| 999 |
_c488004 _d488004 |
||